| 000 | 00666nam a2200193Ia 4500 | ||
|---|---|---|---|
| 003 | GCL | ||
| 008 | 140319s9999 xx 000 0 ara d | ||
| 040 |
_aGCL / _cGCL |
||
| 082 | 0 | 4 |
_a953.09532 _bف ح |
| 100 | 1 | _aفاروق عثمان اباظه | |
| 245 | 1 | 0 |
_aالحكم العثمانى فى اليمن(1918-1872) / _cفاروق عثمان اباظه |
| 260 |
_a[S.N] : _bالهيئة المصرية العامة للكتاب ، _c1986 |
||
| 490 | _a | ||
| 650 | 0 | 4 | _aتاريخ |
| 650 | 0 | 4 | _aالعثمانيون |
| 650 | 0 | 4 | _aاليمن الشمالية |
| 650 | 0 | 4 | _aالعالم العربى - تاريخ - العصر العثمانى |
| 942 |
_2ddc _cBK |
||
| 999 |
_c28133 _d28133 |
||